| 000 | 00532cam a2200205 4500 | ||
|---|---|---|---|
| 001 | D14373 | ||
| 008 | 090401t1943 xxu||||| |||| 00| 0 eng d | ||
| 035 | _a(Sirsi) u15195 | ||
| 041 | _aeng | ||
| 100 | _aThompson, Major E.H. | ||
| 245 | 4 | _aThe stereocomparator Part II Planimetric control | |
| 260 |
_aCairo _c1943 |
||
| 300 | _a54p. 30cm | ||
| 350 | _a0 | ||
| 490 |
_aTechnical Pamphlet _v10 |
||
| 520 | _aShelf 183 | ||
| 710 |
_aWar Office. Survey Directorate. GHQ Middle East _93249 |
||
| 942 | _n0 | ||
| 948 | _c04/03/1997 | ||
| 999 |
_c87262 _d87262 |
||